000 00318nam a22001457a 4500
008 210310b ||||| |||| 00| 0 eng d
020 _a
041 _aeng
080 _a579
082 _a579
100 _a11
101 _aMIK
245 _aAtlas of Diagnostic Microbiology
_cSchneierson, S. S
942 _2udc
_cBK
999 _c56185
_d56185